000 01603nam a2200493 i 4500
001 7095
003 KOSZ 005
005 20200127083617.0
008 070608s1969 pl a f f |000 0 pol
015 _aPB 1970/331
035 _a991034646019705066
035 _a(PL-WaBN)b19326002-48omnis_nlop
035 _ab19326002
035 _a(OCoLC)830838188
035 _a(PL)b0000001932600
035 _a(EXLNZ-48OMNIS_NETWORK)9910149669805606
040 _aWA N
_cWA N
_dKOSZ 005/EC
041 _apol
046 _k1966
080 _a681
080 _a621
080 _a(075)
100 1 _aKolman, Romuald
_d(1922-2016)
_eAutor
245 1 0 _aTechnika pomiarów warsztatowych /
_cRomuald Kolman.
250 _aWyd. 2 zmien.
260 _aWarszawa :
_bPaństwowe Wydawnictwa Szkolnictwa Zawodowego,
_c1969.
300 _a347, [1] s. :
_bil. ;
_c23 cm.
336 _2rdacontent
_aTekst
_btxt
337 _2rdamedia
_aBez urządzenia pośredniczącego
_bn
338 _2rdacarrier
_aWolumin
_bnc
380 _aKsiążki
380 _aPublikacje dydaktyczne
385 _mPoziom nauczania
_aSzkoły średnie
388 _a1901-2000
388 _a1945-1989
521 8 _aDla kl. 4 i 5 technikum.
650 7 _aPrzyrządy pomiarowe
_2DBN
655 7 _aPodręczniki dla szkół zawodowych
_2DBN
658 _aInżynieria i technika
710 2 _aPaństwowe Wydawnictwa Szkolnictwa Zawodowego
_4pbl
856 _uhttp://koha.tu.koszalin.pl/cgi-bin/koha/opac-detail.pl?biblionumber=7095
_yKatalog online BPK
942 _2UKD
_cKS
999 _c7095
_d7095